000 00946nam a2200241Ia 4500
003 OSt
005 20220923220951.0
006 a|||||r|||| 00| 0
007 ta
008 220922b |||||||| |||| 00| 0 hin d
024 _a192,936
037 _cTextual
040 _aARTS
_cARTS
_bhin
041 _2hin
_ahin
082 _aV2:1:J5, 152K2.2
100 _aरिजवी, सैयद अतहर अब्बास, अनु.
_9164870
245 0 _aमुगल कालीन भारत
246 _aMugal kālīn bhārata
260 _aअलीगढ़
_b हिस्ट्री डिपार्टमेट
_c1962
490 _aसोरस बुक आफ दी मेडिक्ल इंडियन हिस्टरी इन हिन्दी; 10
942 _hV2:1:J5, 152K2.2
_cTEXL
_2CC
999 _c345457
_d345457